[Event "Aberto Brasil - II Niterói Chess Open "]
[Site "Salão de Convenções do Hot"]
[Date "2022.09.04"]
[Round "5.56"]
[White "De Freitas, Isabella Ribeiro Co"]
[Black "Nobre, Jailson Altair Barb"]
[Result "0-1"]
[WhiteElo "1888"]
[BlackElo "1648"]
[PlyCount "98"]
[EventDate "2022.09.01"]
[EventRounds "9"]
[EventCountry "BRA"]

1. e4 c5 2. Nf3 e6 3. Nc3 a6 4. d4 cxd4 5. Nxd4 Qc7 6. Bd3 Nf6 7. f4 Bb4 8. Bd2
Bxc3 9. bxc3 d6 10. O-O Nc6 11. Qf3 e5 12. Nf5 Bxf5 13. exf5 O-O 14. fxe5 Nxe5
15. Qg3 Qc5+ 16. Kh1 Kh8 17. Qh4 Rfe8 18. Bg5 Ned7 19. Rab1 b5 20. Rf3 Qxc3 21.
Be4 Nxe4 22. Rxc3 Nxc3 23. Re1 f6 24. Bd2 Na4 25. Qh5 Ne5 26. Bb4 Nc5 27. h3
Rec8 28. Qd1 a5 29. Ba3 b4 30. Bc1 Rc6 31. Qd5 Rac8 32. Bf4 Ncd7 33. Re2 Nc5
34. Kh2 a4 35. Rd2 h6 36. Qd4 b3 37. cxb3 axb3 38. Bxe5 dxe5 39. Qg4 bxa2 40.
Rxa2 Nd3 41. Ra7 R6c7 42. Ra6 Nf4 43. Ra4 Rc4 44. Rxc4 Rxc4 45. Qd1 Rd4 46. Qc1
Kh7 47. g3 Nd5 48. Qb2 Ne3 49. g4 Rd2+ 0-1

[Event "Aberto Brasil - II Niterói Chess Open "]
[Site "Salão de Convenções do Hot"]
[Date "2022.09.04"]
[Round "5.57"]
[White "Saraiva, Alexandre Pacheco"]
[Black "De Oliveira, Joao Eudes"]
[Result "1-0"]
[WhiteElo "1882"]
[BlackElo "1643"]
[PlyCount "125"]
[EventDate "2022.09.01"]
[EventRounds "9"]
[EventCountry "BRA"]

1. e4 c5 2. Nf3 d6 3. d4 cxd4 4. Nxd4 Nf6 5. Nc3 a6 6. Be2 e5 7. Nb3 Be7 8. O-O
O-O 9. Be3 Be6 10. h3 Nbd7 11. Qd2 Rc8 12. f3 b5 13. g4 Nb6 14. Rad1 Nc4 15.
Bxc4 Bxc4 16. Rf2 Qc7 17. g5 Nd7 18. Kg2 Nc5 19. Nd5 Bxd5 20. Qxd5 Nxb3 21.
cxb3 Qc6 22. h4 g6 23. f4 Qxd5 24. Rxd5 exf4 25. Bxf4 Rc6 26. Rfd2 Rfc8 27.
Bxd6 Kf8 28. Kf3 Bxd6 29. Rxd6 Ke7 30. e5 b4 31. Rd7+ Ke8 32. Ke4 Rc2 33. R7d4
Rxd2 34. Rxd2 Ke7 35. Rd6 Rc2 36. Rxa6 Rh2 37. Kd5 Rxh4 38. Ra7+ Ke8 39. e6
fxe6+ 40. Kxe6 Kf8 41. Ra8+ Kg7 42. Ra7+ Kg8 43. Rb7 Rg4 44. Rb5 Kg7 45. a4
bxa3 46. bxa3 h5 47. gxh6+ Kxh6 48. a4 Rg1 49. a5 g5 50. b4 Re1+ 51. Re5 Ra1
52. Kd5 Kh5 53. Kc6 Kh4 54. Kb6 g4 55. Re8 g3 56. Rg8 Kh3 57. b5 Rf1 58. a6 g2
59. a7 Rf6+ 60. Ka5 Rf1 61. Ka6 Rf6+ 62. b6 Kh2 63. Rxg2+ 1-0

[Event "Aberto Brasil - II Niterói Chess Open "]
[Site "Salão de Convenções do Hot"]
[Date "2022.09.04"]
[Round "5.58"]
[White "Dos Santos, Fabricio Ferreira"]
[Black "Lisboa, Erico Fagundes Anic"]
[Result "1-0"]
[WhiteElo "1882"]
[BlackElo "1592"]
[PlyCount "61"]
[EventDate "2022.09.01"]
[EventRounds "9"]
[EventCountry "BRA"]

1. d4 Nf6 2. Nf3 d5 3. c4 e6 4. g3 Be7 5. Bg2 O-O 6. O-O dxc4 7. Qc2 c5 8. Qxc4
cxd4 9. Nxd4 Na6 10. Nb5 Qb6 11. Be3 Bc5 12. Bxc5 Qxc5 13. Qxc5 Nxc5 14. Rc1
Rd8 15. Rxc5 Rd1+ 16. Bf1 e5 17. Kg2 b6 18. Rxe5 Bb7+ 19. f3 Ng4 20. Re7 Bc6
21. N5c3 Rc1 22. h3 Kf8 23. Rc7 Ne3+ 24. Kf2 Nc2 25. Rxc6 Nxa1 26. Na3 Nc2 27.
Ncb1 Rd8 28. Rxc2 Rcd1 29. Nc3 R1d7 30. e4 Rd2+ 31. Ke3 1-0

[Event "Aberto Brasil - II Niterói Chess Open "]
[Site "Salão de Convenções do Hot"]
[Date "2022.09.04"]
[Round "5.59"]
[White "Cruz, Natan Gomes"]
[Black "Stumpf, Luis Felipe T. Cale"]
[Result "1-0"]
[WhiteElo "1881"]
[BlackElo "1536"]
[PlyCount "65"]
[EventDate "2022.09.01"]
[EventRounds "9"]
[EventCountry "BRA"]

1. d4 Nf6 2. Nf3 d5 3. Bf4 e6 4. e3 Be7 5. h3 O-O 6. Bd3 Nbd7 7. Nbd2 b6 8. c3
Bb7 9. O-O Rc8 10. a4 c5 11. Qe2 c4 12. Bc2 Re8 13. Rfd1 Nf8 14. Ne5 Bd6 15.
Bh2 Qc7 16. f4 N6d7 17. e4 f6 18. Nxd7 Qxd7 19. e5 fxe5 20. fxe5 Be7 21. Rf1
Bg5 22. Nf3 Bh6 23. Rf2 Re7 24. g4 g6 25. g5 Bg7 26. Bg3 Qe8 27. Nh2 Rcc7 28.
Ng4 Nd7 29. Nf6+ Bxf6 30. exf6 Rf7 31. Bxc7 Nxf6 32. Rxf6 Rxc7 33. Raf1 1-0

[Event "Aberto Brasil - II Niterói Chess Open "]
[Site "Salão de Convenções do Hot"]
[Date "2022.09.04"]
[Round "5.61"]
[White "Vaz, Osvaldo Jose"]
[Black "Petrenko, Willy"]
[Result "1-0"]
[WhiteElo "1645"]
[BlackElo "1876"]
[PlyCount "79"]
[EventDate "2022.09.01"]
[EventRounds "9"]
[EventCountry "BRA"]

1. e4 e5 2. Bc4 Nf6 3. d3 Be7 4. Nc3 h6 5. f4 d6 6. Nf3 Bg4 7. fxe5 Bxf3 8.
Qxf3 dxe5 9. O-O O-O 10. Nd5 Nbd7 11. Kh1 c6 12. Nxe7+ Qxe7 13. a4 Nh7 14. Be3
Ndf6 15. Rf2 a6 16. a5 Rad8 17. Raf1 Rd7 18. Qg3 Kh8 19. Rf3 Ng8 20. Qf2 Ng5
21. Bc5 Qe8 22. Rg3 Ne7 23. h4 Nh7 24. Bxf7 Qd8 25. Rf3 Qxa5 26. Be6 Rxf3 27.
gxf3 Qd8 28. Bxd7 Qxd7 29. Qg3 Nf6 30. Rg1 Neg8 31. Kh2 Nh5 32. Qxe5 Qf7 33.
Qf5 Qc7+ 34. e5 Qa5 35. b4 Qa2 36. Qxh5 Qxc2+ 37. Rg2 Qxd3 38. Qg4 Qh7 39. Bd4
Ne7 40. Qd7 1-0

[Event "Aberto Brasil - II Niterói Chess Open "]
[Site "Salão de Convenções do Hot"]
[Date "2022.09.04"]
[Round "5.62"]
[White "Pereira, Rodrigo Ferreira"]
[Black "Rodrigues, Nei Jorge"]
[Result "1/2-1/2"]
[WhiteElo "1568"]
[BlackElo "1872"]
[PlyCount "96"]
[EventDate "2022.09.01"]
[EventRounds "9"]
[EventCountry "BRA"]

1. c4 Nf6 2. g3 g6 3. Bg2 Bg7 4. Nc3 e5 5. e3 O-O 6. Nge2 Re8 7. O-O c6 8. b3
d5 9. d3 Bg4 10. Qd2 Bh6 11. h3 Be6 12. Qc2 Na6 13. Ba3 Qa5 14. Bb2 Rad8 15. a3
Qc7 16. cxd5 cxd5 17. d4 Bf5 18. Qd2 e4 19. Rac1 Qb8 20. Rc2 Rc8 21. Rfc1 Qd6
22. b4 Nc7 23. Na4 Na8 24. Bf1 Rxc2 25. Rxc2 Rc8 26. Rc5 b6 27. Rxc8+ Bxc8 28.
Qc2 Bd7 29. Nac3 Bf8 30. b5 Nc7 31. a4 Ne6 32. Qb3 Ng5 33. Nf4 Nf3+ 34. Kg2 Nd2
35. Qa2 Nxf1 36. Kxf1 Be6 37. a5 Qb4 38. axb6 axb6 39. Ba1 Kg7 40. Qa7 Qd6 41.
Kg2 g5 42. Nxe6+ Qxe6 43. Na4 Nd7 44. Bc3 Be7 45. Qc7 Bd8 46. Qc8 Be7 47. Qc7
Bd8 48. Qc8 Be7 1/2-1/2

[Event "Aberto Brasil - II Niterói Chess Open "]
[Site "Salão de Convenções do Hot"]
[Date "2022.09.04"]
[Round "5.63"]
[White "Araujo, Barbara Ribeiro"]
[Black "Morais, Wagner Soares De"]
[Result "0-1"]
[WhiteElo "1523"]
[BlackElo "1845"]
[PlyCount "72"]
[EventDate "2022.09.01"]
[EventRounds "9"]
[EventCountry "BRA"]

1. c4 g6 2. g3 Bg7 3. Bg2 c5 4. e4 Nc6 5. Nc3 e6 6. Nge2 Nge7 7. O-O O-O 8. d3
Nd4 9. Be3 Nec6 10. f4 d6 11. a3 Bd7 12. Rb1 a5 13. b3 Qe7 14. Qd2 Rab8 15. Nb5
Nxe2+ 16. Qxe2 f5 17. Qd2 Rbd8 18. Rfe1 e5 19. Nc7 Be6 20. Nxe6 Qxe6 21. exf5
Qxf5 22. Bd5+ Kh8 23. Be4 Qc8 24. Qg2 Rde8 25. Bd2 exf4 26. Bxf4 Qc7 27. Bd5
Qd7 28. Bd2 Bd4+ 29. Kh1 Rf2 30. Rxe8+ Qxe8 31. Re1 Qf8 32. Qh3 Rxd2 33. Be4
Ne5 34. Rf1 Rf2 35. Rb1 Nxd3 36. Bxg6 Qf3+ 0-1

[Event "Aberto Brasil - II Niterói Chess Open "]
[Site "Salão de Convenções do Hot"]
[Date "2022.09.04"]
[Round "5.65"]
[White "Silva, Juliana Figueira Th"]
[Black "Moyses Sobrinho, Elias"]
[Result "0-1"]
[WhiteElo "1328"]
[BlackElo "1801"]
[PlyCount "170"]
[EventDate "2022.09.01"]
[EventRounds "9"]
[EventCountry "BRA"]

1. Nf3 Nf6 2. g3 d5 3. Bg2 g6 4. d3 Bg7 5. O-O O-O 6. Nbd2 c5 7. e4 Nc6 8. Ne1
d4 9. h3 e5 10. f4 Nh5 11. Qf3 exf4 12. gxf4 Qh4 13. Qf2 Qxf2+ 14. Rxf2 f5 15.
e5 Be6 16. Nb3 Bxb3 17. axb3 Rfc8 18. Bd2 Rc7 19. Bf3 a6 20. Ng2 Bh6 21. Nh4
Ng7 22. Re1 Ne6 23. Bd5 Kf7 24. Kh2 Ne7 25. Bh1 Rd7 26. Kg3 Nd5 27. Bxd5 Rxd5
28. Rff1 b5 29. Ra1 Rd7 30. Nf3 Rc7 31. Rfc1 Rc6 32. h4 Nc7 33. c3 dxc3 34.
bxc3 c4 35. Nd4 Rc5 36. dxc4 bxc4 37. Be3 Nd5 38. b4 Rcc8 39. Kf3 Nc7 40. Ra5
Bf8 41. Rca1 Be7 42. b5 axb5 43. Rxa8 Rxa8 44. Rxa8 Nxa8 45. Nxb5 Ke6 46. Bf2
Kd5 47. Ke3 Bc5+ 48. Kf3 Bxf2 49. Kxf2 Nb6 50. Ke3 Na4 51. Kd2 Nc5 52. Nd4 Ne4+
53. Ke2 h6 54. Nf3 Nc5 55. Nd4 Nb7 56. Nb5 g5 57. fxg5 hxg5 58. hxg5 Kxe5 59.
Nd4 f4 60. Kd2 Nd6 61. g6 Ne4+ 62. Kc2 Kf6 63. g7 Kf7 64. Ne6 f3 65. Kd1 Nxc3+
66. Ke1 Ne4 67. Nd4 f2+ 68. Kf1 c3 69. Ke2 Kxg7 70. Nf5+ Kf6 71. Ne3 Ke5 72.
Kd3 Kf4 73. Ke2 Kg3 74. Nf5+ Kg2 75. Nh4+ Kh3 76. Ng6 c2 77. Nf4+ Kg4 78. Nd3
Kg3 79. Nxf2 c1=Q 80. Nxe4+ Kf4 81. Nd2 Qc2 82. Ke1 Ke3 83. Nf1+ Kd3 84. Ng3
Qg2 85. Kd1 Qd2# 0-1

[Event "Aberto Brasil - II Niterói Chess Open "]
[Site "Salão de Convenções do Hot"]
[Date "2022.09.04"]
[Round "5.66"]
[White "Fonseca, Marcelo Lobo"]
[Black "Carneiro, Luis Guilherme Rosa"]
[Result "0-1"]
[WhiteElo "1800"]
[BlackElo "1789"]
[PlyCount "98"]
[EventDate "2022.09.01"]
[EventRounds "9"]
[EventCountry "BRA"]

1. d4 Nf6 2. c4 e6 3. Nc3 Bb4 4. Bg5 h6 5. Bh4 b6 6. Qc2 Bb7 7. f3 Bxc3+ 8.
Qxc3 d6 9. e4 Nbd7 10. e5 g5 11. Bf2 dxe5 12. dxe5 Nh5 13. O-O-O Qe7 14. Kb1
O-O-O 15. Ne2 Nc5 16. Rxd8+ Rxd8 17. Nd4 Nf4 18. b4 Nd7 19. Nb3 Qf8 20. g3 Ng6
21. c5 Ndxe5 22. cxb6 axb6 23. Bxb6 Qd6 24. Bd4 Nxf3 25. Bf6 Qd1+ 26. Kb2 Rg8
27. Na5 Qd2+ 28. Qxd2 Nxd2 29. Rg1 Bd5 30. Ba6+ Kd7 31. Rd1 Ne4 32. Bd4 f5 33.
Bg1 Ke7 34. a3 Ra8 35. Bb5 Ne5 36. Bd4 Nf3 37. Nc6+ Bxc6 38. Bxc6 Ra6 39. Bb5
Rd6 40. Bc5 Nxc5 41. Rxd6 Kxd6 42. bxc5+ Kxc5 43. Bd7 Nd4 44. Kc3 e5 45. a4 f4
46. gxf4 exf4 47. a5 Nc6 48. Bxc6 Kxc6 49. a6 Kb6 0-1

[Event "Aberto Brasil - II Niterói Chess Open "]
[Site "Salão de Convenções do Hot"]
[Date "2022.09.04"]
[Round "5.67"]
[White "Das Chagas, David Ferreira"]
[Black "Marocco, Gabriel Leao Quadro"]
[Result "1-0"]
[WhiteElo "1989"]
[BlackElo "1482"]
[PlyCount "67"]
[EventDate "2022.09.01"]
[EventRounds "9"]
[EventCountry "BRA"]

1. e4 c5 2. Nc3 d6 3. f4 Nf6 4. Nf3 a6 5. Be2 e6 6. O-O Be7 7. d3 b5 8. Qe1 O-O
9. Kh1 Bb7 10. Ng5 d5 11. e5 Nfd7 12. h4 h6 13. Nf3 Nc6 14. h5 f6 15. Qg3 fxe5
16. fxe5 Kh8 17. Bf4 Rf5 18. Kg1 Rxh5 19. Nh2 Bh4 20. Qg6 Rf5 21. Qxe6 Nd4 22.
Qd6 Be7 23. Qg6 Nf8 24. Qg3 b4 25. Bg4 bxc3 26. bxc3 h5 27. Qh3 Rxf4 28. Qxh5+
Kg8 29. Rxf4 g6 30. Qh3 Nc6 31. Be6+ Nxe6 32. Qxe6+ Kh8 33. Rf7 Rb8 34. Qxg6
1-0

[Event "Aberto Brasil - II Niterói Chess Open "]
[Site "Salão de Convenções do Hot"]
[Date "2022.09.04"]
[Round "5.69"]
[White "Rodrigues, Julliano De Araujo"]
[Black "Fernandes, Gabriel Bourdon"]
[Result "1-0"]
[WhiteElo "1829"]
[BlackElo "1201"]
[PlyCount "39"]
[EventDate "2022.09.01"]
[EventRounds "9"]
[EventCountry "BRA"]

1. e4 c5 2. Nf3 e6 3. d4 cxd4 4. Nxd4 a6 5. Bd3 Nf6 6. O-O Qc7 7. Nc3 Bb4 8.
Nce2 O-O 9. c3 Be7 10. Bf4 e5 11. Nf5 d6 12. Nxe7+ Qxe7 13. Bg5 Nbd7 14. Ng3
Nc5 15. Bc2 h6 16. Be3 Rd8 17. b4 Ne6 18. Bb6 Nc7 19. c4 Nd7 20. Bxc7 1-0

[Event "Aberto Brasil - II Niterói Chess Open "]
[Site "Salão de Convenções do Hot"]
[Date "2022.09.04"]
[Round "5.70"]
[White "Pereira, Armando Scharlau"]
[Black "Fernandes, Marcio Rosa"]
[Result "1/2-1/2"]
[WhiteElo "1602"]
[BlackElo "1763"]
[PlyCount "91"]
[EventDate "2022.09.01"]
[EventRounds "9"]
[EventCountry "BRA"]

1. c4 Nf6 2. Nc3 g6 3. g3 Bg7 4. Bg2 c5 5. b3 O-O 6. Bb2 Nc6 7. e3 Rb8 8. Nge2
b6 9. O-O Bb7 10. d4 cxd4 11. exd4 e6 12. Ba3 Ne7 13. Rc1 Bxg2 14. Kxg2 Re8 15.
Nb5 Ne4 16. f3 a6 17. fxe4 axb5 18. cxb5 Ra8 19. Bxe7 Qxe7 20. a4 Rec8 21. Qd3
f5 22. e5 Bh6 23. Rc2 Qg5 24. Rf3 Rxc2 25. Qxc2 Qd2 26. Rc3 Kf7 27. Qxd2 Bxd2
28. Rc7 Ke7 29. Rc2 Bb4 30. Nf4 Kd8 31. Nd3 Be7 32. Nb2 Rc8 33. Rxc8+ Kxc8 34.
Nd3 Kb7 35. Kf3 g5 36. Ke3 d6 37. h3 h5 38. Kf3 Bf8 39. h4 g4+ 40. Ke2 dxe5 41.
dxe5 Bh6 42. Nf4 Bxf4 43. gxf4 Kc7 44. b4 Kb7 45. Ke3 Kc7 46. Ke2 1/2-1/2

[Event "Aberto Brasil - II Niterói Chess Open "]
[Site "Salão de Convenções do Hot"]
[Date "2022.09.04"]
[Round "5.73"]
[White "De Oliveira, Francemir Barra"]
[Black "Barbosa, Luiz Francisco Da S"]
[Result "0-1"]
[WhiteElo "1599"]
[BlackElo "1729"]
[PlyCount "38"]
[EventDate "2022.09.01"]
[EventRounds "9"]
[EventCountry "BRA"]

1. e4 c5 2. Nf3 a6 3. Nc3 Nc6 4. d4 cxd4 5. Nxd4 Nf6 6. Bc4 e6 7. Bg5 Be7 8. f4
d6 9. Bb3 Qc7 10. a3 b5 11. O-O Na5 12. Ba2 Nc4 13. Qc1 Bb7 14. Re1 Qb6 15.
Nce2 e5 16. b3 exd4 17. Kh1 Na5 18. e5 Qc6 19. Rg1 Ne4 {IlegÃƒÂ­vel} 0-1

[Event "Aberto Brasil - II Niterói Chess Open "]
[Site "Salão de Convenções do Hot"]
[Date "2022.09.04"]
[Round "5.74"]
[White "Nobre, Jose Adalberto Barb"]
[Black "Maia, Erick De Figueiredo"]
[Result "0-1"]
[WhiteElo "1585"]
[BlackElo "1722"]
[PlyCount "76"]
[EventDate "2022.09.01"]
[EventRounds "9"]
[EventCountry "BRA"]

1. Nf3 c5 2. g3 d5 3. Bg2 Nc6 4. O-O e5 5. d3 h6 6. Nbd2 Nf6 7. e4 d4 8. Nc4
Qc7 9. a4 Be6 10. b3 Nd7 11. Nh4 Nb6 12. Nxb6 axb6 13. f4 Be7 14. f5 Bxh4 15.
fxe6 Bf6 16. exf7+ Qxf7 17. Bf3 O-O-O 18. Bg4+ Kb8 19. Bd2 h5 20. Bh3 h4 21. g4
Qg6 22. Kh1 Bg5 23. Rf5 Bxd2 24. Qxd2 Rdf8 25. Raf1 Rf6 26. Qg2 Re6 27. g5 Ree8
28. Rf7 Rh5 29. Qg4 Rd8 30. Rxg7 Qxg7 31. Qxh5 Rh8 32. Rf7 Qg8 33. Qf3 Qxg5 34.
Rf8+ Rxf8 35. Qxf8+ Ka7 36. Qf2 Nb4 37. Bf1 Qc1 38. c4 Nxd3 0-1

[Event "Aberto Brasil - II Niterói Chess Open "]
[Site "Salão de Convenções do Hot"]
[Date "2022.09.04"]
[Round "5.75"]
[White "Pessoa, Vitor Henrique Leop"]
[Black "Matsura, Eduardo"]
[Result "1-0"]
[WhiteElo "1250"]
[BlackElo "1692"]
[PlyCount "79"]
[EventDate "2022.09.01"]
[EventRounds "9"]
[EventCountry "BRA"]

1. e4 b6 2. d4 Bb7 3. Nc3 e6 4. Nf3 Ne7 5. Bd3 g6 6. Bg5 Bg7 7. Qd2 h6 8. Bf4
d6 9. h4 Nd7 10. Nb5 e5 11. Bg3 a6 12. Nc3 exd4 13. Ne2 Nc6 14. Bc4 Nce5 15.
Bxe5 Nxe5 16. Nxe5 dxe5 17. Ng3 b5 18. Be2 h5 19. O-O Qxh4 20. Rfe1 O-O 21. c4
bxc4 22. Bxc4 Qe7 23. Rac1 h4 24. Nf1 Kh7 25. Qd3 f5 26. Nd2 fxe4 27. Nxe4 Rf4
28. f3 Bxe4 29. Rxe4 Rxe4 30. Qxe4 Rb8 31. b3 Bh6 32. Rc2 Be3+ 33. Kf1 Qd6 34.
Qxh4+ Kg7 35. Bd3 Rh8 36. Qe4 Rh1+ 37. Ke2 Rg1 38. Qg4 g5 39. Qh3 Kg8 40. Qc8+
1-0

[Event "Aberto Brasil - II Niterói Chess Open "]
[Site "Salão de Convenções do Hot"]
[Date "2022.09.04"]
[Round "5.76"]
[White "Veiga da Silva, Paulo Roberto Costa"]
[Black "Carlos, Roberta Souto"]
[Result "1-0"]
[WhiteElo "1800"]
[BlackElo "1686"]
[PlyCount "121"]
[EventDate "2022.09.01"]
[EventRounds "9"]
[EventCountry "BRA"]

1. Nf3 c5 2. e4 Nc6 3. d4 cxd4 4. Nxd4 g6 5. Nc3 Bg7 6. Be3 Nf6 7. f3 O-O 8.
Qd2 d5 9. O-O-O Qa5 10. Nb3 Qc7 11. exd5 Rd8 12. Nb5 Qe5 13. Bf4 Qxd5 14. Nc7
Qxd2+ 15. Rxd2 Rxd2 16. Nxd2 Rb8 17. Nb5 e5 18. Be3 a6 19. Nd6 Be6 20. Bc4 Nd5
21. Bxd5 Bxd5 22. N2e4 Bxe4 23. Nxe4 Nd4 24. Rd1 Rd8 25. Bxd4 exd4 26. Nc5 Re8
27. Nd3 Re2 28. Rd2 Re7 29. Kd1 Bh6 30. f4 g5 31. Re2 Re3 32. Rxe3 dxe3 33.
fxg5 Bxg5 34. Ke2 f5 35. Nc5 b6 36. Nxa6 Kf7 37. Nc7 f4 38. Nd5 b5 39. Nc3 Bf6
40. Nxb5 Bxb2 41. Nd6+ Ke6 42. Ne4 Ke5 43. Kd3 e2 44. Nd2 e1=N+ 45. Ke2 Nxg2
46. Nc4+ Ke4 47. Nxb2 f3+ 48. Kf2 Nf4 49. Nd1 Ne2 50. a4 Kd5 51. Kxf3 Nd4+ 52.
Kg4 Nxc2 53. Kh5 Ke4 54. Kh6 Kf4 55. h4 Kg4 56. h5 Nb4 57. a5 Na6 58. Ne3+ Kf4
59. Nd5+ Kf5 60. Kg7 Kg5 61. h6 1-0

[Event "Aberto Brasil - II Niterói Chess Open "]
[Site "Salão de Convenções do Hot"]
[Date "2022.09.04"]
[Round "5.78"]
[White "Tsai, Roberto Gong Wei"]
[Black "Campos, Otavio Moraes"]
[Result "0-1"]
[WhiteElo "1790"]
[BlackElo "1636"]
[PlyCount "86"]
[EventDate "2022.09.01"]
[EventRounds "9"]
[EventCountry "BRA"]

1. b3 Nf6 2. Bb2 e6 3. g3 d5 4. Bg2 Be7 5. Nf3 c5 6. d4 Nc6 7. O-O O-O 8. Nbd2
b6 9. c3 Bb7 10. Re1 Qc7 11. c4 Rfd8 12. cxd5 Nxd5 13. Rc1 Qd7 14. a3 cxd4 15.
Nxd4 Nxd4 16. Bxd4 Bxa3 17. Ra1 Bb4 18. e3 f6 19. Ne4 Bxe1 20. Qxe1 e5 21. Bb2
Qf7 22. Ba3 Qe6 23. Qe2 Rac8 24. Qh5 Rc2 25. Bh3 Qc6 26. Rd1 g6 27. Qh6 Bc8 28.
Rxd5 Rc1+ 29. Bf1 Rxf1+ 30. Kxf1 Re8 31. Bd6 Kf7 32. Qxh7+ Ke6 33. Nxf6 Kxf6
34. e4 Ba6+ 35. Kg2 Qc1 36. Qh4+ Kf7 37. Kh3 Qf1+ 38. Kg4 Be2+ 39. Kg5 Qc1+ 40.
f4 Bh5 41. Bxe5 Qc8 42. g4 Rxe5+ 43. fxe5 Qc1+ 0-1

[Event "Aberto Brasil - II Niterói Chess Open "]
[Site "Salão de Convenções do Hot"]
[Date "2022.09.04"]
[Round "5.82"]
[White "Campagnolo, Bruna"]
[Black "De Almeida, Roberto A. Ferreira"]
[Result "1-0"]
[WhiteElo "1393"]
[BlackElo "1776"]
[PlyCount "71"]
[EventDate "2022.09.01"]
[EventRounds "9"]
[EventCountry "BRA"]

1. e4 c5 2. Nf3 Nc6 3. d4 cxd4 4. Nxd4 g6 5. c4 Bg7 6. Be3 Nf6 7. Nc3 O-O 8.
Be2 d6 9. O-O a6 10. h3 Qc7 11. Qd2 Bd7 12. Rad1 Rad8 13. Nb3 Ne5 14. Nd5 Nxd5
15. cxd5 Ba4 16. Rc1 Qb8 17. Nd4 Rc8 18. b3 Be8 19. Bh6 Nd7 20. Bxg7 Kxg7 21.
Rxc8 Qxc8 22. Rc1 Qb8 23. Qc3 Kg8 24. Qc7 Qa7 25. Nc6 Qb6 26. Nxe7+ Kg7 27.
Qxb6 Nxb6 28. Rc7 Nd7 29. Nc8 Nc5 30. Nxd6 b6 31. e5 Kg8 32. b4 Na4 33. Nxe8
Rxe8 34. d6 Rd8 35. Bxa6 Rb8 36. d7 1-0

[Event "Aberto Brasil - II Niterói Chess Open "]
[Site "Salão de Convenções do Hot"]
[Date "2022.09.04"]
[Round "5.83"]
[White "Da Silva, Joao Carlos Orguim"]
[Black "Pavao, Alice Lara Biasi"]
[Result "1-0"]
[WhiteElo "1747"]
[BlackElo "1366"]
[PlyCount "71"]
[EventDate "2022.09.01"]
[EventRounds "9"]
[EventCountry "BRA"]

1. e4 c5 2. Nf3 g6 3. d4 cxd4 4. Nxd4 Bg7 5. Nc3 Nc6 6. Be3 Nf6 7. Bc4 O-O 8.
Bb3 Ng4 9. Qxg4 Nxd4 10. O-O-O Nxb3+ 11. axb3 b6 12. Qe2 Bb7 13. f3 d6 14. Qd2
a6 15. Bh6 Qc7 16. Bxg7 Kxg7 17. h4 h5 18. g4 Rh8 19. Qd4+ Kg8 20. Rd2 Qc5 21.
g5 Qxd4 22. Rxd4 b5 23. Kd2 Kg7 24. Ra1 Rhc8 25. f4 Rc5 26. b4 Rc4 27. Rxc4
bxc4 28. Ke3 f6 29. Nd5 f5 30. Nb6 Rb8 31. exf5 gxf5 32. c3 d5 33. Kd4 e6 34.
Nd7 Rc8 35. Nc5 Bc6 36. Rxa6 1-0

[Event "Aberto Brasil - II Niterói Chess Open "]
[Site "Salão de Convenções do Hot"]
[Date "2022.09.04"]
[Round "5.84"]
[White "Salotti, Thiago Maida"]
[Black "Da Rocha, Joao Batista Jose"]
[Result "0-1"]
[WhiteElo "1390"]
[BlackElo "1734"]
[PlyCount "116"]
[EventDate "2022.09.01"]
[EventRounds "9"]
[EventCountry "BRA"]

1. e4 c5 2. Bc4 d6 3. Nf3 e6 4. O-O Nf6 5. d3 a6 6. a3 Nc6 7. Re1 Qc7 8. h3 Be7
9. Bf4 Ne5 10. Nxe5 dxe5 11. Bh2 b5 12. Ba2 O-O 13. Nd2 Bb7 14. Nf3 Nd7 15. c3
Bf6 16. Rc1 Rad8 17. d4 c4 18. b4 h6 19. Qc2 g5 20. Bb1 Kg7 21. Rcd1 Rh8 22.
Kh1 Rde8 23. dxe5 Nxe5 24. Nxe5 Bxe5 25. Bxe5+ Qxe5 26. Re3 Rd8 27. Qe2 Rxd1+
28. Qxd1 Bc6 29. Qh5 Rd8 30. g3 Qd6 31. Kg2 Qd1 32. Qxd1 Rxd1 33. Ba2 Ra1 34.
Re2 f5 35. f3 fxe4 36. fxe4 Kf6 37. Kf2 Ke5 38. Kf3 Rd1 39. a4 Rd3+ 40. Kg4
Rxc3 41. axb5 axb5 42. h4 gxh4 43. gxh4 Rc1 44. Kf3 Be8 45. Re3 Rc2 46. Ra3
Bh5+ 47. Kg3 Kd4 48. Ra5 Rc3+ 49. Kf2 e5 50. Ra6 Rc2+ 51. Kg3 Kc3 52. Bxc4 bxc4
53. Rxh6 Be2 54. b5 Rb2 55. b6 Kd4 56. Kf2 Bd3+ 57. Ke1 Bxe4 58. h5 Ke3 0-1

[Event "Aberto Brasil - II Niterói Chess Open "]
[Site "Salão de Convenções do Hot"]
[Date "2022.09.04"]
[Round "5.85"]
[White "Barberi, Catarina"]
[Black "Simas, Breno Matos"]
[Result "0-1"]
[WhiteElo "1304"]
[BlackElo "1749"]
[PlyCount "110"]
[EventDate "2022.09.01"]
[EventRounds "9"]
[EventCountry "BRA"]

1. d4 Nf6 2. Nf3 g6 3. c4 Bg7 4. Nc3 d5 5. cxd5 Nxd5 6. e4 Nxc3 7. bxc3 O-O 8.
Be2 c5 9. O-O Nc6 10. Bb2 Bg4 11. d5 Na5 12. Nd2 Bd7 13. Qc2 b5 14. c4 Bxb2 15.
Qxb2 bxc4 16. Nxc4 Rb8 17. Qc3 Nxc4 18. Bxc4 Qb6 19. Qb3 Bb5 20. Rfc1 Bxc4 21.
Qxc4 Rfc8 22. g3 Qb4 23. Qc2 Qa3 24. Rab1 Rxb1 25. Rxb1 c4 26. Rc1 c3 27. Rb1
Qc5 28. Rb3 Qd4 29. Rb1 Qd2 30. Rc1 Rc4 31. f3 a5 32. a3 f5 33. Qb1 Qe3+ 34.
Kg2 Qe2+ 35. Kg1 Qxf3 36. exf5 Qxf5 37. Qb5 Rc8 38. Qxa5 c2 39. Qd2 Qe4 40. Kf1
Qh1+ 41. Kf2 Qxh2+ 42. Ke3 Qxg3+ 43. Ke2 Rf8 44. Rf1 Qg2+ 45. Ke3 Qxd2+ 46.
Kxd2 Rxf1 47. Kxc2 h5 48. Kb2 h4 49. a4 h3 50. a5 h2 51. a6 h1=Q 52. a7 Qxd5
53. Kc3 Rf3+ 54. Kb2 Qd2+ 55. Kb1 Rf1# 0-1

[Event "Aberto Brasil - II Niterói Chess Open "]
[Site "Salão de Convenções do Hot"]
[Date "2022.09.04"]
[Round "5.86"]
[White "Rabello, Lorenzzo Urubatan B"]
[Black "Campagnolo, Fabiola"]
[Result "0-1"]
[WhiteElo "1266"]
[BlackElo "1702"]
[PlyCount "36"]
[EventDate "2022.09.01"]
[EventRounds "9"]
[EventCountry "BRA"]

1. e4 d5 2. exd5 Nf6 3. Nc3 Nxd5 4. Nxd5 Qxd5 5. Nf3 e5 6. d4 e4 7. c4 Qa5+ 8.
Nd2 Be7 9. Be2 O-O 10. O-O f5 11. c5 c6 12. Nc4 Qc7 13. Ne5 Be6 14. Bf4 g5 15.
Bd2 Nd7 16. Nc4 Nf6 17. Bxg5 Ng4 18. Qc1 Qxh2# 0-1

[Event "Aberto Brasil - II Niterói Chess Open "]
[Site "Salão de Convenções do Hot"]
[Date "2022.09.04"]
[Round "5.87"]
[White "Vaz, Vania Dora Madona"]
[Black "Rovedo, Salomao"]
[Result "1/2-1/2"]
[WhiteElo "1240"]
[BlackElo "1592"]
[PlyCount "104"]
[EventDate "2022.09.01"]
[EventRounds "9"]
[EventCountry "BRA"]

1. e4 e5 2. Bc4 Nc6 3. Nf3 Be7 4. d3 Nf6 5. O-O O-O 6. h3 d6 7. c3 Be6 8. Bb5
h6 9. Nbd2 a6 10. Ba4 Nh7 11. Re1 Ng5 12. d4 exd4 13. cxd4 Bd7 14. Bc2 f5 15.
e5 dxe5 16. dxe5 Be6 17. Qe2 Nd4 18. Nxd4 Qxd4 19. Nf3 Nxf3+ 20. Qxf3 Qd5 21.
Qg3 Rad8 22. Bxh6 Rf7 23. Bb3 Qd7 24. Rad1 Qc8 25. Rxd8+ Bxd8 26. Bxe6 Qxe6 27.
Bg5 Be7 28. b3 c6 29. f4 Bc5+ 30. Kh2 Bd4 31. h4 c5 32. h5 Kh7 33. Rd1 b6 34.
Qd3 Rd7 35. Qxa6 Rf7 36. Qc4 Qxc4 37. bxc4 Rf8 38. e6 Re8 39. Re1 Kg8 40. g4
fxg4 41. f5 Kf8 42. Rd1 Be5+ 43. Kg2 Ra8 44. Rd2 Re8 45. a4 Bc7 46. h6 gxh6 47.
Bxh6+ Kg8 48. Rd7 Be5 49. e7 Kf7 50. Bg5 Bf6 51. Bxf6 Kxf6 52. Rd6+ Kxf5
1/2-1/2